000 00651nam a2200277Ia 4500
005 20260324125855.0
008 008 260324s9999 xx 000 0 eng d
020 _a9781315593579
037 _aEBOOK
040 _aCRL
040 _beng
040 _cCRL
041 _2eng
041 _aeng
084 _qCRL
100 _aRuth Murray-Webster; David Hillson
_91151872
245 0 _aManaging Group Risk Attitude
260 _bTaylor and Francis
260 _c2008
365 _a
365 _b195
856 _uhttp://www.taylorfrancis.com/books/9781315593579
942 _cEBOOK
999 _c1775291
_d1775291